Label-free electrochemical glycoprofiling of prostate cancer biomarkers

Uložené v:
Podrobná bibliografia
Hlavný autor: Belický, Štefan (Autor)
Ďalší autori: Tkáč, Ján (Vedúci práce)
Médium: Rukopis Kniha
Jazyk:Slovak
English
Vydavateľské údaje: 2017
Predmet:
On-line prístup:http://is.stuba.sk/zp/portal_zp.pl?podrobnosti=111566
Tagy: Pridať tag
Žiadne tagy, Buďte prvý, kto otaguje tento záznam!

MARC

LEADER 00000ntm a22000003a 4500
001 stuzp42654
003 SK-STU
005 20170826210239.3
007 ta
008 150427s2015----xo-----f-mn---000-0-slo-d
040 |a STU  |b slo 
041 0 |a eng 
100 1 |a Belický, Štefan  |u 044000  |k Z3  |4 aut  |U FCHPT Fakulta chemickej a potravinárskej technológie  |T FCHPT Ústav biotechnológie  |X 27626  |U C4000  |Y 102  |7 27626 
242 0 1 |a Analýza biomarkerov rakoviny prostaty s využitím glykoprofilácie elektrochemicky v label-free formáte  |y slo 
245 1 0 |a Label-free electrochemical glycoprofiling of prostate cancer biomarkers 
260 |c 2017 
650 4 |a glykozylácia  |2 slo 
650 4 |a karcinóm  |2 slo 
650 4 |a biosenzor  |2 slo 
650 4 |a lektín  |2 slo 
650 4 |a prostata  |2 slo 
650 4 |a cancer  |2 eng 
650 4 |a glycosylation  |2 eng 
650 4 |a lectin  |2 eng 
650 4 |a prostate  |2 eng 
650 4 |a biosensor  |2 eng 
700 1 |a Tkáč, Ján  |4 ths  |X 62063  |7 A000062063 
856 4 |u http://is.stuba.sk/zp/portal_zp.pl?podrobnosti=111566